Statistiken für Länder mit genau einer Fußball WM-Teilnahme

Klicken Sie hier um das Quiz zu spielen!

Allgemein

  • Dieses Quiz wurde 157 mal gespielt
  • Das Durchschnittsergebnis liegt bei 10 aus 20

Antwortstatistiken

KontinentJahrNation% Korrekt
Europa2018Island
77%
Asien2022Katar
68%
Amerika2018Panama
68%
Asien2002China
64%
Amerika2006Trinidad und Tobago
64%
Europa2010Slowakei
58%
Amerika1998Jamaika
54%
Asien1986Irak
52%
Afrika2006Togo
52%
Europa2006Ukraine
52%
Europa2014Bosnien und Herzegowina
49%
Amerika1974Haiti
47%
Asien1938Indonesien/ Niederländisch-Indien
47%
Amerika1938Kuba
47%
Asien1970Israel
44%
Afrika2006Angola
43%
Afrika1974DR Kongo/ Zaire
42%
Asien1990Vereinigte Arabische Emirate
40%
Asien1982Kuwait
39%
Europa2006Tschechien
33%

Verteilung der Resultate

Perzentil nach korrekt beantworteten Fragen

Anzahl Personen mit jedem Resultat

Ihre Resultats-Entwicklung

Sie haben dieses Quiz noch nicht gespielt